000 00488nam a22001575i 4500
001 162954
003 ES-MaACL
005 20230906212633.0
008 951113s1883 sp |||| | spa d
040 _aAS
_bspa
_cCCPB | SIC
100 1 _aRamos López, José de.
_9131577
245 1 3 _aEl Sacro-Monte de Granada /
_cpor José de Ramos López.
260 _aMadrid :
_b[s.n.],
_c1883 (
_fFortanet)
300 _a196 p., [1] h. de lám. ;
_c20 cm.
852 _aES-MaACL
_jG-2872
_z-- Rust.
999 _c162954
_d162954